All Star Wars Films and TV Series - Statistics

General Stats
  • This quiz has been taken 68 times
  • The average score is 22 of 39
Answer Stats
Hint Answer % Correct
1977 Star Wars
98%
1983 Return of the Jedi
93%
1980 The Empire Strikes Back
93%
1999 The Phantom Menace
89%
2005 Revenge of the Sith
87%
2002 Attack of the Clones
85%
2008-20142020 The Clone Wars
85%
2019 The Rise of Skywalker
83%
2015 The Force Awakens
81%
2017 The Last Jedi
81%
2016 Rogue One
80%
2019- The Mandalorian
80%
2003-2005 Clone Wars
78%
2018 Solo
78%
2014-2017 Rebels
76%
2023- Ahsoka
70%
2022 Obi-Wan Kenobi
70%
2022-2025 Andor
69%
2021-2022 The Book of Boba Fett
63%
2021-2024 The Bad Batch
61%
2022 Tales of the Jedi
57%
2024 The Acolyte
54%
2018-2019 Resistance
52%
2024- Skeleton Crew
52%
2024 Tales of the Empire
48%
2026 The Mandalorian and Grogu
46%
2025 Tales of the Underworld
44%
1985-1986 Ewoks
39%
1978 The Star Wars Holiday Special
35%
1985-1986 Droids
30%
2026 Maul - Shadow Lord
30%
2021- Visions
28%
2023-2025 Young Jedi Adventures
22%
2017-2018 Forces of Destiny
13%
2017 Blips
6%
1984 Caravan of Courage: An Ewok Adventure
4%
1985 Ewoks: The Battle for Endor
4%
2008 The Clone Wars (Theatrical Release)
2%
2022 Zen - Grogu and the Dust Bunnies
2%
No matching quizzes found
Score Distribution
Percent of People with Each Score
Percentile by Number Answered
Your Score History
You have not taken this quiz